Statistiche per Risultati dell'Italia ai Mondiali - USA 1994

Clicka qui per fare il quiz!

Statistiche generali

  • Questo quiz è stato fatto 4 volte
  • Il punteggio medio è 5 su 7

Statistiche sulle risposte

HintRisposta% Corretto
Bulgaria - Italia1-2
100%
Brasile - Italia3-2 (d.c.r.) (0-0)
100%
Italia - Irlanda0-1
75%
Nigeria - Italia1-2 (d.t.s.) (1-1)
75%
Italia - Spagna2-1
50%
Italia - Norvegia1-0
25%
Italia - Messico1-1
25%

Distribuzione punteggi

Percentile per numero di risposta

Percentuale di utenti per punteggio

I tuoi punteggi nel tempo

Non hai fatto questo quiz